000 00719nam a2200205Ia 4500
001 10181
003 GE_BSU
008 181216s||||||||xx |||||||||||||| ||und||
040 _cGE_BSU
080 _a821.353.1–7
100 _aსამსონია,ალექსანდრე
245 _aიუმორისტული მოთხრობები
245 _cრედ:ვ.ჭანიშვილი; ყდა რ.ჩხიკვიშვილის.
260 _aბათუმი
260 _bსახელმწიფო გამ-ბა.
260 _c1959
300 _a126გვ;17სმ.
653 _aიუმორისტული მოთხრობები
942 _cBK
999 _c43450
_d43450